Estudios sobre la diversidad y la globalización (Registro nro. 50285)
[ vista simple ]
| 000 -LEADER | |
|---|---|
| fixed length control field | 02457nam a2200289 a 4500 |
| 005 - DATE AND TIME OF LATEST TRANSACTION | |
| control field | 20260205172509.0 |
| 006 - FIXED-LENGTH DATA ELEMENTS--ADDITIONAL MATERIAL CHARACTERISTICS | |
| fixed length control field | m d |
| 007 - PHYSICAL DESCRIPTION FIXED FIELD--GENERAL INFORMATION | |
| fixed length control field | cr cnu---uuuuu |
| 008 - FIXED-LENGTH DATA ELEMENTS--GENERAL INFORMATION | |
| fixed length control field | 221025s2011 s 000 0 eng d |
| 020 ## - INTERNATIONAL STANDARD BOOK NUMBER | |
| International Standard Book Number | 978-84-1369-300-2 |
| 040 ## - CATALOGING SOURCE | |
| Original cataloging agency | CO-CtgCURN |
| Language of cataloging | spa |
| Transcribing agency | coctgcurn |
| 082 04 - DEWEY DECIMAL CLASSIFICATION NUMBER | |
| Classification number | 807.2 |
| Item number | U16 |
| 100 1# - MAIN ENTRY--PERSONAL NAME | |
| Personal name | Úcar Ventura, Pilar. |
| 245 13 - TITLE STATEMENT | |
| Title | Estudios sobre la diversidad y la globalización |
| Medium | [electronic resource] : |
| Remainder of title | Imbricaciones culturales y traductivas / |
| Statement of responsibility, etc. | Pilar Úcar Ventura (coordinadora). |
| 250 ## - EDITION STATEMENT | |
| Edition statement | Primera edición. |
| 260 ## - PUBLICATION, DISTRIBUTION, ETC. | |
| Place of publication, distribution, etc. | Granada (España) : |
| Name of publisher, distributor, etc. | Comares, |
| Date of publication, distribution, etc. | 2011. |
| 300 ## - PHYSICAL DESCRIPTION | |
| Extent | 606 páginas : |
| Other physical details | ilustraciones en blanco y negro ; |
| Dimensions | 28 cm. |
| 490 1# - SERIES STATEMENT | |
| Series statement | Interlingua ; |
| Volume/sequential designation | 290 |
| 520 8# - SUMMARY, ETC. | |
| Summary, etc. | "Recopilación de propuestas y proyectos fruto de investigaciones y experiencias metodológicas desde diferentes puntos de vista. Literatura, Lengua y Traducción o LILETRAD un acrónimo con mucha historia y mucho trabajo. Siempre salvaguardando la esencia de nuestro quehacer académico en aras de una mejor sociedad. Una amplitud temática que aborda cuestiones muy vigentes acerca de corpus terminológicos, especificidades literarias y lingüísticas, análisis de la ficción y de la realidad en textos y contextos, entremezclados en un perfecto maridaje a través de la cultura hecha poesía, novela, relatos. Capítulos en español, inglés, francés, italiano y alemán, descubrimos textos literarios y competencias educativas, retórica y simbolismo, mitos y femineidad, fonética, teatro, poesía y cine; morfosintaxis, novelas de suspense, filosóficas e históricas, refranes y manuales, métodos didácticos y multiculturalismo en los textos literarios, en los cómics, así como lenguaje dedicado al turismo y a la empresa, a la abstracción y conceptualización de cuentos y películas de actualidad. Una panorámica actual a modo de prisma polidórico de las características que definen nuestra profesión" |
| 650 #0 - SUBJECT ADDED ENTRY--TOPICAL TERM | |
| Topical term or geographic name entry element | Literatura |
| Form subdivision | Estudio y enseñanza |
| General subdivision | Congresos. |
| 650 #0 - SUBJECT ADDED ENTRY--TOPICAL TERM | |
| Topical term or geographic name entry element | Traducción e interpretación |
| Form subdivision | Estudio y enseñanza |
| General subdivision | Congresos. |
| 650 #0 - SUBJECT ADDED ENTRY--TOPICAL TERM | |
| Topical term or geographic name entry element | Lingüística aplicada |
| Form subdivision | Estudio y enseñanza |
| General subdivision | Congresos. |
| 650 #0 - SUBJECT ADDED ENTRY--TOPICAL TERM | |
| Topical term or geographic name entry element | Literatura comparada |
| General subdivision | Congresos. |
| 856 7# - ELECTRONIC LOCATION AND ACCESS | |
| Uniform Resource Identifier | <a href="https://unicurn.sharepoint.com/:b:/s/biblioteca/IQAjpu2kBvUBTql4ggN6DctqAdoCwVudiKbR6JettwRCkyE?e=NNd8vV">https://unicurn.sharepoint.com/:b:/s/biblioteca/IQAjpu2kBvUBTql4ggN6DctqAdoCwVudiKbR6JettwRCkyE?e=NNd8vV</a> |
| Public note | Click para ver el texto completo |
| 942 ## - ADDED ENTRY ELEMENTS (KOHA) | |
| Koha item type | Libros electrónicos |
| Classification part | 807.2 |
| Item part | U16 |
| Withdrawn status | Lost status | Source of classification or shelving scheme | Damaged status | Not for loan | Collection | Home library | Current library | Shelving location | Date acquired | Total checkouts | Full call number | Date last seen | Price effective from | Koha item type | Public note |
|---|---|---|---|---|---|---|---|---|---|---|---|---|---|---|---|
| Dewey Decimal Classification | Libros electrónicos | Miguel Henríquez Castañeda | Miguel Henríquez Castañeda | 807.2 U16 | 02/05/2026 | 02/05/2026 | Libros electrónicos | 800-LIT&RE |